000 00618cam a22002053a 4500
001 39342
003 PGUSA
005 20140828083856.0
008 120401s2012||||xxu|||||s|||||000 | eng d
040 _aPGUSA
_beng
042 _adc
100 1 _aWhymper, Frederick
245 1 4 _aThe Sea :
_bIts Stirring Story of Adventure, Peril, and Heroism. Volume 2
_h[electronic resource] /
_cFrederick Whymper
260 _bProject Gutenberg,
_c2012
506 _aPublic domain in the USA.
516 _aElectronic text
830 0 _aProject Gutenberg
_v39342
856 4 0 _uhttp://www.gutenberg.org/ebooks/39342
942 _cEB
999 _c268595
_d268595